| 000 | 00464cam a2200181ua 4500 | ||
|---|---|---|---|
| 020 | _c33.50 | ||
| 041 |
_aeng _h |
||
| 082 |
_a530.1 _bMOR/ME |
||
| 100 | _aMorse, Philip.M . | ||
| 245 |
_aMethods of theoritical Physics / _cM Philip Morse. _hTextual Documents |
||
| 260 |
_aTokyo : _bMc Graw Hill Book Company , _c1953. |
||
| 300 | _a1978 ; . | ||
| 365 | _a33.50 | ||
| 504 | _a | ||
| 700 | 1 | _aFreshbach, Herman . | |
| 942 | _cBK | ||
| 999 |
_c1926 _d1926 |
||